000 00679nam a2200289Ia 4500
005 20260324140716.0
008 008 260324s9999 xx 000 0 eng d
020 _a9780203054192
037 _aEBOOK
040 _aCRL
040 _beng
040 _cCRL
041 _2eng
041 _aeng
084 _qCRL
100 _aRichard Cary
_91205431
245 0 _aCritical Art Pedagogy
245 0 _bFoundations for Postmodern Art Education
260 _bTaylor and Francis
260 _c1998
365 _a
365 _b230
856 _uhttp://www.taylorfrancis.com/books/9780203054192
942 _cEBOOK
999 _c1807774
_d1807774